000 00884nam a22002535a 4500
005 20201128023922.0
008 161020t2012 gw a frb 001 0 eng d
020 _a9783642240720
040 _aEG-ScBUE
_beng
_cEG-ScBUE
_dEG-ScBUE
082 0 4 _222
_a005.82
_bDON
100 1 _aDong, Ling.
_923258
245 1 0 _aCryptographic protocol :
_bsecurity analysis based on trusted freshness /
_cLing Dong, Kefei Chen.
260 _aHeidelberg :
_bSpringer-Verlag,
_cc.2012.
300 _axi, 373 p. :
_bill. ;
_c24 cm.
500 _aIndex : p. [371]-373.
504 _aIncludes bibliographical references.
650 7 _2BUEsh
_92635
_aData encryption (Computer science)
650 7 _917749
_aComputer network protocols.
_2BUEsh
650 7 _92634
_aComputer networks
_xSecurity measures
_2BUEsh
651 _2BUEsh
653 _bCOMSCI
_cOctober2016
700 1 _aChen, Kefei
942 _2ddc
999 _c22759
_d22731